000 00228nam a22000857a 4500
008 161110b xxu||||| |||| 00| 0 eng d
100 _91115
_aRao. I
245 _aLearning Science part 3
260 _aNew Delhi
_bNational Book Trust
_c2006
999 _c3776
_d3776